Geography Quiz

Random Geography or State Quiz

States with One Letter Repeating 3 Times Quiz Stats

 Plays Quiz not verified by Sporcle

Score 0/13 Timer 02:00
0 Plays Today
NESW States % Correct
SouthMississippi
85.8%
SouthAlabama
85.3%
NorthAlaska
74.5%
SouthArkansas
70.1%
EastMassachusetts
66.7%
CentralTennessee
66.2%
WestColorado
62.7%
EastConnecticut
62.7%
CentralIllinois
61.8%
EastPennsylvania
59.8%
EastVirginia
58.8%
EastWest Virginia
57.4%
EastNew Jersey
48.5%

You're not logged in!

Compare scores with friends on all Sporcle quizzes.
OR
Log In

You Might Also Like...

Show Comments

Extras

Top Quizzes Today


Score Distribution

Your Account Isn't Verified!

In order to create a playlist on Sporcle, you need to verify the email address you used during registration. Go to your Sporcle Settings to finish the process.

Report this User

Report this user for behavior that violates our Community Guidelines.

Details: